[Event "Ronne Jubilaum"]
[Site "Ronne"]
[Date "2001.06.26"]
[Round "4"]
[White "Dalrud, Endre"]
[Black "Taksrud, Vidar"]
[Result "1-0"]
[WhiteElo "2145"]
[BlackElo "1944"]
[PlyCount "71"]
[EventDate "2001.06.24"]
[EventType "swiss"]
[EventRounds "9"]
[EventCountry "DEN"]
[SourceTitle "EXT 2023"]
[Source "ChessBase"]
[SourceDate "2022.10.05"]
[SourceVersion "1"]
[SourceVersionDate "2022.10.05"]
[SourceQuality "1"]

1. e4 d5 2. exd5 Nf6 3. Be2 Nxd5 4. d4 e6 5. Nf3 Be7 6. 0-0 0-0 7. c4 Nb6 8. Nc3 Nc6 9. Bf4 a6 10. Qd2 Bf6 11. Rad1 Re8 12. Rfe1 Nxd4 13. Nxd4 e5 14. Nf3 exf4 15. Qxf4 Qe7 16. Bd3 Be6 17. Nd5 Qd8 18. Nxc7 Qb8 19. Qg3 Bxb2 20. Nxa8 Nxa8 21. Qh4 h6 22. Nd4 Nc7 23. Qe4 g6 24. Qf4 Bc3 25. Re3 Qd8 26. Nxe6 Nxe6 27. Qxh6 Qf6 28. Rf3 Qe7 29. Bxg6 fxg6 30. Rxc3 Nf4 31. Re3 Rd8 32. Rde1 Qf7 33. h4 Nd3 34. Re7 Qxf2+ 35. Kh1 Qf6 36. Re8+ 1-0